Csongrád megye aszályhelyzete

Elmentve itt :
Bibliográfiai részletek
Szerző: Kálmán Péter
További közreműködők: Mészárosné Herbich Katalin (Témavezető)
Hupuczi Júlia (Témavezető)
Szabó László (Témavezető)
Dokumentumtípus: Szakdolgozat
Megjelent: 2013
Kulcsszavak:Aszálykárok
Csongrád megye
Tárgyszavak:
Online Access:http://diploma.bibl.u-szeged.hu/102797
LEADER 00715nta a2200229 i 4500
001 dipl102797
005 20211214125032.0
008 211201s2013 hu om 0|| zxx d
040 |a SZTE Diploma Repozitórium  |b hun 
041 |a zxx 
100 1 |a Kálmán Péter 
245 1 0 |a Csongrád megye aszályhelyzete  |h [elektronikus dokumentum] /  |c Péter Kálmán 
260 |c 2013 
300 |a 45 
650 4 |a Agrár 
650 4 |a Soil science 
695 |a Aszálykárok 
695 |a Csongrád megye 
700 0 2 |a Mészárosné Herbich Katalin  |e ths 
700 0 2 |a Hupuczi Júlia  |e ths 
700 0 2 |a Szabó László  |e ths 
856 4 0 |u https://diploma.bibl.u-szeged.hu/id/eprint/102797/2/2013_kalman_peter.pdf  |z Dokumentum-elérés